00925nas a2200229Ia 4500001001100000003000900011008004100020040001300061040001300074041001300087100004400100210001200144222001200156245014700168250001100315260003500326501008600361300001800447362002600465500016800491650003600659R029/E3835IT-RoPAU151124c99999999xx |||||||||||| ||und|| aIT-RoPAU cIT-RoPAU aFRANCESE aCiment MichelgCodice Aut. SPICS: 8021 aPOSITIF aPositif aPOSITIF, N.430 (DICEMBRE 1996)bJe Ne Cherche Pas Une Description Mais Une Vision Des Choses. Entretien Avec Robert Bresson Autour De L'Argent a1a ed. aPARISbJEAN-MICHEL PLACEc1996 bPaulus - SPICS - Società San Paolo EM (non-commercial uses only)cCopyright2015 a9 p. [93-101] aN.430 (DICEMBRE 1996) aNon Cerco una Descrizione ma una Visione Delle Cose: Intervista a Robert Bresson, Come Contributo al Dossier Sul Suo Cinema e Sulla Sua Esperienza Cinematografica. aCINEMAvPUBBLICAZIONE PERIODICA